載入...

Hindi vyangya aur sarat joshi/

書目詳細資料
主要作者: Kamalesh Singh
格式: Printed Book
出版: Allahabad: Hindustani Akademi, 2010.
主題:
LEADER 00541nam a22001697a 4500
999 |c 145362  |d 145362 
020 |a 818576543X 
082 |a H7  |b KAM/H 
100 |a Kamalesh Singh 
245 |a Hindi vyangya aur sarat joshi/  |c by Kamalesh Singh 
260 |a Allahabad:  |b Hindustani Akademi,  |c 2010. 
300 |a 122p. 
650 |a Satire Hindi 
650 |a Literature Hindi 
650 |a Literature  
942 |c BK 
952 |0 0  |1 0  |4 0  |6 H_7_000000000000000_KAM_H  |7 0  |9 103767  |a SSUS  |b SSUS  |c STACKS  |d 2020-10-07  |g 130.00  |o H7 KAM/H  |p 100520  |r 2020-10-07  |w 2020-10-07  |y BK